Entry Personal Name
Number of records used in: 1
001 - CONTROL NUMBER
003 - CONTROL NUMBER IDENTIFIER
005 - DATE AND TIME OF LATEST TRANSACTION
- control field:
20231108103402.0
008 - FIXED-LENGTH DATA ELEMENTS
- fixed length control field:
980904n| acannaab| |n aaa |||
010 ## - LIBRARY OF CONGRESS CONTROL NUMBER
- LC control number:
n 98079872
040 ## - CATALOGING SOURCE
- Original cataloging agency:
DLC
- Transcribing agency:
DLC
100 10 - HEADING--PERSONAL NAME
- Personal name:
Ibrahim, I. A.
670 ## - SOURCE DATA FOUND
- Source citation:
A brief illustrated guide to understanding Islam, 1997:
- Information found:
t.p. (I. A. Ibrahim)